| 000 | 00921cam a22002777a 4500 | ||
|---|---|---|---|
| 003 | CHAP | ||
| 005 | 20220817043745.0 | ||
| 008 | 010220q mx r 00110 eng d | ||
| 010 | _a83583 | ||
| 011 | _a84555 | ||
| 035 | _a95076 | ||
| 040 | _cCHAP | ||
| 090 | _aFolleto 16121 | ||
| 110 | 2 | _aCentro Internacional de Mejoramiento de Maíz y Trigo | |
| 245 | 1 | 0 |
_aCommon cereal viruses _c/by Centro Internacional de Mejoramiento de Maíz y Trigo |
| 260 |
_aMéxico, D. F. : _bCentro Internacional de Mejoramiento de Maíz y Trigo, _c199? |
||
| 300 | _ahoja desplegable | ||
| 590 |
_aBATCH-UPD _b10 _c20130110 _lUCH01 _h1641 |
||
| 590 |
_aCONVERSION _b10 _c20130109 _lUCH01 _h1346 |
||
| 650 | 1 | 4 |
_aCereales _xEnfermedades por virus. _921414 |
| 650 | 1 | 4 |
_aCereales _xPlagas. _921450 |
| 901 | _aBK | ||
| 905 | _aPatricia Mendoza P. | ||
| 942 | _cFOLL | ||
| 949 |
_aFolleto 16121 _bBC _cFOLL _d950761 _eTS1 _i95076 _kDonaciØn _sb |
||
| 999 |
_c83583 _d83583 |
||